书目信息 |
| 题名: |
航海史话
|
|
| 作者: | 王杰 著 | |
| 分册: | ||
| 出版信息: | 北京 中国大百科全书出版社 2000 |
|
| 页数: | 191页 | |
| 开本: | 19cm | |
| 丛书名: | 中华文明史话 | |
| 单 册: | ||
| 中图分类: | F552.9 , Z1 | |
| 科图分类: | ||
| 主题词: | 航海--交通运输史--中国--史料 , 航海 , 交通运输史 , 丛书 | |
| 电子资源: | ||
| ISBN: | 7-5000-6295-8 | |
| 000 | 00898oam2 2200289 450 | |
| 001 | 1558291538 | |
| 005 | 20151110142634.91 | |
| 010 | @a7-5000-6295-8@dCNY10 | |
| 100 | @a20001010d2000 em y0chiy0110 ea | |
| 101 | 0 | @achi |
| 102 | @aCN@b110000 | |
| 105 | @abf z 000yd | |
| 200 | 1 | @a航海史话@9hang hai shi hua@f王杰等[著] |
| 210 | @a北京@c中国大百科全书出版社@d2000 | |
| 215 | @a191页@c地图及图@d19cm | |
| 225 | 2 | @a中华文明史话 |
| 330 | @a本书以专题的形式,按照中华民族航海人物、航海事件、航海技术、港口及其管理机构、海事法规、船公司的变迁等多个方面,分门别类介绍了中华航海文明从古代到近代的发展概况。 | |
| 461 | 0 | @12001 @a中华文明史话 |
| 606 | 0 | @a航海@x交通运输史@y中国@x史料 |
| 606 | 0 | @a航海 |
| 606 | 0 | @a交通运输史 |
| 606 | 0 | @a丛书 |
| 690 | @aF552.9@v5 | |
| 690 | @aZ1@v4 | |
| 701 | 0 | @a王杰@9wang jie@4著 |
| 801 | 0 | @aCN@bTSSF@c20150126 |
| 905 | @aZUCC@dZ1@eJY27:84 | |
| 航海史话/王杰等[著].-北京:中国大百科全书出版社,2000 |
| 191页:地图及图;19cm.-(中华文明史话) |
| ISBN 7-5000-6295-8:CNY10 |
| 本书以专题的形式,按照中华民族航海人物、航海事件、航海技术、港口及其管理机构、海事法规、船公司的变迁等多个方面,分门别类介绍了中华航海文明从古代到近代的发展概况。 |
| ● |
| 相关链接 |
|
|
|
|
正题名:航海史话
索取号:Z1/JY27:84
 
预约/预借
| 序号 | 登录号 | 条形码 | 馆藏地/架位号 | 状态 | 备注 |
| 1 | 7838010 | 278380100 | 学院路分馆/ [索取号:Z1/JY27:84] | 在馆 | |
| 2 | 7838011 | 278380119 | 学院路分馆/ [索取号:Z1/JY27:84] | 在馆 | |
| 3 | 7838012 | 278380128 | 学院路分馆/ [索取号:Z1/JY27:84] | 在馆 | |
| 4 | 7838013 | 278380137 | 学院路分馆/ [索取号:Z1/JY27:84] | 在馆 |